000 01202cab a2200229 4500
001 ABS68087
008 040809n2004 000 0 eng u
035 _a(Sirsi) u127033
100 _aBroadbent, C.
245 _aImproving the flood resistance of domestic property
260 _c2004
490 _aStructural Survey
_v22(2) 2004, 79-83(5)
520 _aFlooding is becoming more common in the UK because of climate change, increased development on floodplains and the ineffectiveness and availability of flood defences and drainage systems. Looks at approaches that householders can take to make their properties more resistant to flooding including flood protection products. Considers the benefits of changing repair specifications to adopt more floodresistant materials and techniques. Advises owners of flood affected properties to get specialist advice from appropriately experienced surveyors or engineers in consultation with their insurers. References.
590 _aABS
650 _aFLOODING
650 _aDRAINAGE SYSTEMS
650 _aFLOODPLAINS
650 _aFLOOD DEFENCES
650 _aFLOOD PREVENTION
690 _aBUILT ENVIRONMENT-CONSTRUCTION DESIGN
942 _n0
999 _c74495
_d74495